MARC details
| 000 -CABECERA |
| campo de control de longitud fija |
02199nam a2200349 i 4500 |
| 001 - NÚMERO DE CONTROL |
| campo de control |
000040938 |
| 003 - IDENTIFICADOR DEL NÚMERO DE CONTROL |
| campo de control |
DO-SdBNP |
| 005 - FECHA Y HORA DE LA ÚLTIMA TRANSACCIÓN |
| campo de control |
20231030113839.0 |
| 007 - CAMPO FIJO DE DESCRIPCIÓN FÍSICA--INFORMACIÓN GENERAL |
| campo de control de longitud fija |
ta |
| 008 - DATOS DE LONGITUD FIJA--INFORMACIÓN GENERAL |
| campo de control de longitud fija |
130911s2012 pr c 000 0 spa d |
| 020 ## - NÚMERO INTERNACIONAL ESTÁNDAR DEL LIBRO |
| Número Internacional Estándar del Libro |
9780865816213 |
| 040 ## - FUENTE DE LA CATALOGACIÓN |
| Centro catalogador/agencia de origen |
DO-SdBNP |
| Lengua de catalogación |
spa |
| Centro/agencia transcriptor |
BNPHU |
| Normas de descripción |
rda |
| 082 #4 - NÚMERO DE LA CLASIFICACIÓN DECIMAL DEWEY |
| Número de clasificación |
759.97295 |
| Número de edición |
P659p |
| Número de documento/Ítem |
22 |
| 245 00 - MENCIÓN DE TÍTULO |
| Título |
Pintura puertorriqueña. |
| 264 ## - PRODUCCIÓN, PUBLICACIÓN, DISTRIBUCIÓN, FABRICACIÓN Y COPYRIGHT |
| Producción, publicación, distribución, fabricación y copyright |
Puerto Rico : |
| Nombre del de productor, editor, distribuidor, fabricante |
ICP, |
| Fecha de producción, publicación, distribución, fabricación o copyright |
2012. |
| 300 ## - DESCRIPCIÓN FÍSICA |
| Extensión |
485 páginas : |
| Otras características físicas |
ilustraciones retratos ; |
| Dimensiones |
27 cm. |
| 336 ## - TIPO DE CONTENIDO |
| Fuente |
rdacontent |
| Término de tipo de contenido |
texto |
| Código de tipo de contenido |
txt |
| 337 ## - TIPO DE MEDIO |
| Fuente |
rdamedia |
| Nombre/término del tipo de medio |
sin mediación |
| Código del tipo de medio |
n |
| 338 ## - TIPO DE SOPORTE |
| Fuente |
rdacarrier |
| Nombre/término del tipo de soporte |
volumen |
| Código del tipo de soporte |
nc |
| 490 0# - MENCIÓN DE SERIE |
| Mención de serie |
Pinturas del instituto de cultura puertorriqueña |
| 500 ## - NOTA GENERAL |
| Nota general |
A la cabeza del titulo : Colección de pinturas del Instituto de Cultura Puertorriqueña<br/> |
| 500 ## - NOTA GENERAL |
| Nota general |
Incluye índice |
| 504 ## - NOTA DE BIBLIOGRAFÍA, ETC. |
| Nota de bibliografía, etc. |
Bibliografía: p. 454-472 |
| 505 ## - NOTA DE CONTENIDO CON FORMATO |
| Nota de contenido con formato |
Dedicatoria = Dedicatory -- Mensaje = Message / Instituto de Cultura Puertorriqueña -- Ensayos = Essays -- La obra de José Campeche en las Colecciones del Instituto de Cultura Puertorriqueña = The Work of José Campeche in the Collection of the Institute of Puerto Rican Culture / Dr. Arturo Dávila -- Francisco Oller y Cestero y el arte pictórico en su época = Francisco Oller y Cestero and the Pictorial Art of His Time / Dr. Osiris Delgado -- La Colección de pinturas del ICP: Un siglo de trayectoria artística, 1905-2004 = The Collection of Paintings of the ICP: A Century of Artistic Trajectory, 1905-2004 / Dra. Maria del Pilar González Lamela -- De lo moderno a lo contemporáneo: la Colecciones de Arte del Instituto de Cultura Puertorriqueña = From Modern to Contemporary: The Collection of the Institute of Puerto Rican Culture / Dra. Maria Elba Torres Muñoz -- Colección = Collection -- Biografías = Biographies -- Índice = Index. |
| 546 ## - NOTA DE LENGUA/LENGUAJE |
| Nota de lengua/lenguaje |
Texto introductorio en español e inglés; entradas de catálogo en español únicamente. |
| 590 ## - NOTA LOCAL (RLIN) |
| Nota local |
Inventariado, 2023/MFF |
| 650 #4 - PUNTO DE ACCESO ADICIONAL DE MATERIA--TÉRMINO DE MATERIA |
| Término de materia o nombre geográfico como elemento de entrada |
Pintura puertorriqueña |
| 9 (RLIN) |
84541 |
| 710 2# - PUNTO DE ACCESO ADICIONAL--NOMBRE DE ENTIDAD CORPORATIVA |
| Nombre de entidad corporativa o nombre de jurisdicción como elemento de entrada |
Instituto de cultura puertorriqueña |
| 9 (RLIN) |
4083 |
| 830 #0 - PUNTO DE ACCESO ADICIONAL DE SERIE-TÍTULO UNIFORME |
| Título uniforme |
Pinturas del instituto de cultura puertorriqueña |
| 9 (RLIN) |
67366 |
| 910 ## - DATOS DE OPCIÓN DEL USUARIO (OCLC) |
| Datos de opción del usuario |
Validado. Control de calidad MFF |
| 942 ## - ELEMENTOS DE PUNTO DE ACCESO ADICIONAL (KOHA) |
| Fuente del sistema de clasificación o colocación |
Dewey Decimal Classification |
| Tipo de ítem Koha |
Libro |